L'âme désarmée / (Record no. 7106)

MARC details
000 -LEADER
campo de control de longitud fija 00771nam a2200253 i 4500
001 - NÚMERO DE CONTROL
campo de control 7106
003 - IDENTIFICADOR DE NÚMERO DE CONTROL
campo de control ES-MaACL
005 - FECHA Y HORA DE LA ÚLTIMA TRANSACCIÓN
campo de control 20260529161207.0
007 - CAMPO FIJO DE DESCRIPCIÓN FÍSICA--INFORMACIÓN GENERAL
campo de control de longitud fija t|
008 - DATOS DE LONGITUD FIJA--INFORMACIÓN GENERAL
campo de control de longitud fija 900820s1987 fr ||||1| fre d
020 ## - NÚMERO INTERNACIONAL ESTÁNDAR DEL LIBRO
Número Internacional Estándar del Libro 2-260-00428-8
080 ## - NÚMERO DE LA CLASIFICACIÓN DECIMAL UNIVERSAL
Número de la Clasificación Decimal Universal 008"19"
080 ## - NÚMERO DE LA CLASIFICACIÓN DECIMAL UNIVERSAL
Número de la Clasificación Decimal Universal 304"19"
100 1# - ENTRADA PRINCIPAL--NOMBRE DE PERSONA
Nombre de persona Bloom, Allan.
9 (RLIN) 29554
245 12 - MENCIÓN DEL TÍTULO
Título L'âme désarmée /
Mención de responsabilidad, etc. Allan Bloom ; avant-propos de Saul Bellow ; tradution francaise de Paul Alexandre.
260 ## - PUBLICACIÓN, DISTRIBUCIÓN, ETC.
Lugar de publicación, distribución, etc. Paris :
Nombre del editor, distribuidor, etc. Julliard,
Fecha de publicación, distribución, etc. [1987]
300 ## - DESCRIPCIÓN FÍSICA
Extensión 331 p. ;
Dimensiones 25 cm.
650 #4 - PUNTO DE ACCESO ADICIONAL DE MATERIA--TÉRMINO DE MATERIA
Término de materia o nombre geográfico como elemento de entrada Enseñanza-
Subdivisión geográfica Estados Unidos.
9 (RLIN) 12289
651 #4 - PUNTO DE ACCESO ADICIONAL DE MATERIA--NOMBRE GEOGRÁFICO
Nombre geográfico Estados Unidos-
Subdivisión general Vida intelectual
9 (RLIN) 8576
700 ## - ENTRADA AGREGADA--NOMBRE PERSONAL
Nombre de persona Bellow, Saul,
Fechas asociadas al nombre 1915-2005
9 (RLIN) 180457
700 1# - ENTRADA AGREGADA--NOMBRE PERSONAL
Nombre de persona Alexandre, Paul.
9 (RLIN) 19784
852 ## - LOCALIZACIÓN
Ubicación ES-MaACL
Número de control de estantería L-14259
Holdings
Estatus retirado Estado de pérdida Estado de daño No para préstamo Biblioteca de origen Biblioteca actual Ubicación en estantería Fecha de adquisición Fuente de adquisición Total de préstamos Signatura topográfica completa Código de barras Visto por última vez Precio de reemplazo Tipo de ítem Koha
        Biblioteca del Ateneo de Madrid Biblioteca del Ateneo de Madrid Depósito 2 17/01/2008     L-14259 1007244 23/02/2023 23/02/2023 Libro impreso